Statistiques concernant Culture Générale - Série 592

Cliquez ici pour prendre le quiz!

Statistiques générales

  • Ce quiz a été pris 470 fois
  • Le résultat moyen est 8 sur 10

Statistiques - réponses

QuestionRéponse% Correct
Combien d'ailes possède une libellule ?4
98%
Quelle capitale fut le théâtre des crimes de Jack l'Éventreur ?Londres
97%
Par quel mot de trois lettres désigne-t-on un mouvement convulsif et involontaire, surtout des muscles du visage, qui se répète régulièrement ?tic
92%
Quelle héroïne de série télévisée, incarnée durant sept saisons par Sarah Michelle Gellar, lutte contre les vampires ?Buffy
85%
Quelle est la formule chimique du dioxyde de carbone ?CO2
82%
En 1978, quel groupe américain connaît un grand succès avec la chanson "Y.M.C.A" ?Village People
79%
Quel groupe de rock porte le nom d'un effet produit par un médicament dont l’efficacité n'a pas été démontrée ?Placebo
72%
Dans le film "LOL", quelle actrice joue Anne, la mère de Lola ?Sophie Marceau
70%
Quel nom les Romains donnèrent-ils au dieu grec Dionysos ?Bacchus
64%
Chez l'homme, quelle glande endocrine, située à la partie inférieure et antérieure du larynx, et qui comprend deux lobes réunis par un isthme, intervient dans la croissance ?thyroïde
35%

Distribution des résultats

Percentile par nombre de réponses

% des personnes avec chaque résultat

Votre développement - résultats

Vous n’avez pas pris ce quiz